قند يليں (Record no. 181493)

MARC details
000 -LEADER
fixed length control field 00626nam a22001937a 4500
005 - DATE AND TIME OF LATEST TRANSACTION
control field 20210916111517.0
010 ## - LCCN (DPL NO)
LC control number UR-11237
020 ## - INTERNATIONAL STANDARD BOOK NUMBER
Terms of availability 400.00
International Standard Book Number 9789390789009
035 ## - SYSTEM CONTROL NUMBER
System control number U-9792
037 ## - SOURCE OF ACQUISITION
Source of stock number/acquisition DBAD/PUB
082 ## - DEWEY DECIMAL CLASSIFICATION NUMBER
Classification number 844
100 ## - MAIN ENTRY--PERSONAL NAME
Personal name ممتا ز ا حمد خا ن
245 ## - TITLE STATEMENT
Title قند يليں
Statement of responsibility, etc ممتا ز ا حمد خا ن
246 ## - VARYING FORM OF TITLE
Title proper/short title Qindeelein (Urdu)
Remainder of title by Mumtaz Ahmed Khan
260 ## - PUBLICATION, DISTRIBUTION, ETC. (IMPRINT)
Place of publication, distribution, etc N.Delhi
Date of publication, distribution, etc 2021 ء
Name of publisher, distributor, etc Educational Publishing House
270 ## - ADDRESS
Address 3191, Vakil Street, Kucha Pandit Lal Kuan,
City Delhi
Postal code 110006
Fax number -
300 ## - PHYSICAL DESCRIPTION
Extent 248 ص
Dimensions 22 Cm(Hb)
942 ## - ADDED ENTRY ELEMENTS (KOHA)
Source of classification or shelving scheme Dewey Decimal Classification
Item type Urdu Bks
Classification part 844
Call number suffix م م ت
Holdings
Withdrawn status Lost status Not for loan Collection code Home library Current library Date acquired Source of acquisition Cost, normal purchase price Full call number Barcode Copy number Cost, replacement price Koha item type
    Not For Loan Non-fiction Central Library Central Library 16/09/2021 DBAD/PUB 400.00 844 م م ت U-9792 1 400.00 Urdu Bks

© Delhi Public Library
Hit Counter
free hit counter